Properties of black-loaded vulcanizates of skim natural rubber (Record no. 65975)

MARC details
000 -LEADER
fixed length control field 00385nam a2200145Ia 4500
100 ## - MAIN ENTRY--AUTHOR NAME
Personal name Bristow G M
245 #0 - TITLE STATEMENT
Title Properties of black-loaded vulcanizates of skim natural rubber
260 ## - PUBLICATION, DISTRIBUTION, ETC. (IMPRINT)
Name of publisher Rubber Developments
Year of publication 1992
300 ## - PHYSICAL DESCRIPTION
Number of Pages 20-31
650 ## - SUBJECT ADDED ENTRY--TOPICAL TERM
Topical Term Natural rubber
650 ## - SUBJECT ADDED ENTRY--TOPICAL TERM
Topical Term Skim rubber
650 ## - SUBJECT ADDED ENTRY--TOPICAL TERM
Topical Term Vulcanizate
942 ## - ADDED ENTRY ELEMENTS (KOHA)
Koha item type Journals
Holdings
Withdrawn status Lost status Damaged status Not for loan Home library Current library Shelving location Date acquired Serial Enumeration / chronology Koha item type
      Journals RRII Library RRII Library Rubber chemistry 17/12/2021 Volume 45, Issue 1 Journals